000 04549nam a22002537a 4500
003 NALT
005 20250227175922.0
008 241216b th ||||| |||| 00| 0 tha d
020 _a9789748072111
040 _aNALT
041 _atha
050 _aHC 445
_bส226ส 2551
110 2 _aสำนักงานสภาที่ปรึกษาเศรษฐกิจและสังคมแห่งชาติ
_91851
245 1 0 _aสรุปการบรรยายพิเศษองค์ความรู้ในวงงานสภาที่ปรึกษาเศรษฐกิจและสังคมแห่งชาติ /
_cสำนักงานสภาที่ปรึกษาเศรษฐกิจและสังคมแห่งชาติ
250 _aพิมพ์ครั้งที่ 2.
260 _aกรุงเทพฯ :
_bสำนักงานสภาที่ปรึกษาเศรษฐกิจและสังคมแห่งชาติ,
_c2551.
300 _a350 หน้า :
_bภาพประกอบ ;
_c21 ซม.
505 0 _aความสัมพันธ์ลาว ไทย และการพัฒนาลุ่มแม่น้ำโขง ในด้าน Logjistics และอื่น ๆ / นายเหียม พมมะจัน -- อเสนอแนะในการวางแผนพัฒนากำลังคนในภาพรวมและกำลังคนด้านวิทยาศาสตร์และเทคโนโลยีต่อแผนพัฒนาเศรษฐกิจและสังคมแห่งชาติ ฉบับที่ 10 / รศ.ดร.คุณหญิงสุมณฑา พรหมบุญ -- แผนพัฒนาฯ ฉบับที่ ๑๐ กับการพัฒนาระบบขน ระบบขนส่งมวลชนการเชื่อมโยงกับภูมิภาค / นายเสถียร วงศ์วิเชียร -- การปฏิรูปสื่อเพื่อประโยชน์สาธารณะ / Mr.MJ Kim -- สนามบินสุวรรณภูมิ การยกระดับไทยสู่ศูนย์กลางคมนาคมของภูมิภาค / นายสมชัย สวัสดิผล -- บทบาทของกองบัญชาการทหารสูงสุด / พลเอก บุญสร้าง เนียมประดิษฐ์ -- กฎหมายกับการพัฒนา / นายมีชัย ฤชุพันธุ์ -- นโยบายการพัฒนาเศรษฐกิจและสังคม / พลเอก สุรยุทธ์ จุลานนท์ -- การร่างรัฐธรรมนูญ และความร่วมมือระหว่างสภาร่างรัฐธรรมนูญ กับสภาที่ปรึกษาเศรษฐกิจและสังคมแห่งชาติ / รศ.นรนิติ เศรษฐบุตร -- ความตกลงหุ้นส่วนเศรษฐกิจไทย-ญี่ปุ่น และพระราชบัญญัติประกอบธุรกิจของคนต่างด้าว / นายเกริกไกร จีระแพทย์ -- วัฒนธรรมกับการพัฒนาเศรษฐกิจและสังคมไทย / คุณหญิงไขศรี ศรีอรุณ -- การขับเคลื่อนการปฏิรูปการศึกษาไทย / รศ.ดร.วิจิตร ศรีสอ้าน -- ประชาธิปไตยชุมชนเพื่อความมั่นคงของมนุษย์ / นายแพทย์พลเดช ปิ่นประทีป -- ร่างพระราชบัญญัติสภาการเกษตรแห่งชาติและการแก้ไขปัญหาราคาผลไม้ตกต่ำ / นายธีระ สูตะบุตร.
650 4 _aการจัดการความรู้
_953283
650 4 _aนโยบายเศรษฐกิจ
_zไทย
_99570
850 _aNALT
942 _2lcc
_cGB
996 _aphornvitoo
_bCATSTF
_c2024-12-16
999 _c98973
_d98973
998 _j3099
_k พรวิทู โค้วคชาภรณ์